000 00486nam a22001697a 4500
003 OSt
005 20251217071147.0
008 251217b |||||||| |||| 00| 0 eng d
020 _a971-23-3338-8
040 _aDWCL Main Lib.
_cOC
082 _aCirc. 346.07 D377c 2002
100 _aDe Leon, Hector S.
245 _aThe corporation code of the Philippines annotated/
_cHector S. De Leon
260 _aRex bookstore.
300 _aiii, 1034 p. ;
_c23 cm.
942 _2ddc
_cBK-CIRC
_kCirc.
_n0
999 _c7178
_d7178